00642nam a2200229 a 4500001001300000003000900013005001700022008004100039020001000080082001400090100001500104245002700119260004800146300000800194500003500202650001600237700001500253902000800268942000700276952011400283999001500397nice12345678IN_TiNIC20260116011426.0050524s1953 laha grp 000 0 urd  ac10000a239bBUT1 aButamal, P aMasih Ki Aamad-E-Sani. aLahorebPunjab Religious Booksociety c1953 a36p aincludes index and biblioraphy aApologetics1 aButamal, P bSRS cBK 001040708StackRoom-aHMIbHMId2007-06-21g100.00l0o239 BUT1p04808r2007-06-21v100.00w2005-05-24yBK c1414d1414